| 000 | 00390nam a22001697a 4500 | ||
|---|---|---|---|
| 003 | SGT | ||
| 020 | _a978-93-5025-352-6 | ||
| 082 |
_a617.3 _bM11N |
||
| 100 | _aNORKIN,CYNTHINA C. | ||
| 245 | _aMEASUREMENT OF JOINT MOTIONS | ||
| 250 | _a4TH | ||
| 260 |
_aDELHI _bJAYPEE MEDICAL PUBLISHER _c2011 |
||
| 300 | _a445 | ||
| 650 | _aORTHOPEDICS | ||
| 653 | _aJOINT MOTION | ||
| 942 |
_2ddc _cBK _021 |
||
| 999 |
_c8004 _d8004 |
||